A companion to the philosophers / (Record no. 75)
[ view plain ]
| 000 -LEADER | |
|---|---|
| fixed length control field | 01177cam a2200325 a 4500 |
| 001 - CONTROL NUMBER | |
| control field | 2140863 |
| 003 - CONTROL NUMBER IDENTIFIER | |
| control field | GZU |
| 005 - DATE AND TIME OF LATEST TRANSACTION | |
| control field | 20200701093348.0 |
| 008 - FIXED-LENGTH DATA ELEMENTS--GENERAL INFORMATION | |
| fixed length control field | 980423s1999 mau b 001 0deng |
| 010 ## - LIBRARY OF CONGRESS CONTROL NUMBER | |
| LC control number | 98007599 |
| 020 ## - INTERNATIONAL STANDARD BOOK NUMBER | |
| International Standard Book Number | 155786845X (alk. paper) |
| 040 ## - CATALOGING SOURCE | |
| Original cataloging agency | DLC |
| Transcribing agency | DLC |
| Modifying agency | DLC |
| 050 00 - LIBRARY OF CONGRESS CALL NUMBER | |
| Classification number | B72 |
| Item number | .COM 1998 |
| 082 00 - DEWEY DECIMAL CLASSIFICATION NUMBER | |
| Classification number | B |
| Edition number | 21 |
| 245 02 - TITLE STATEMENT | |
| Title | A companion to the philosophers / |
| Statement of responsibility, etc. | edited by Robert L. Arrington ; advisory editors, John Beversluis ... [et al.]. |
| 260 ## - PUBLICATION, DISTRIBUTION, ETC. | |
| Place of publication, distribution, etc. | Malden, Mass. : |
| Name of publisher, distributor, etc. | Blackwell Publishers, |
| Date of publication, distribution, etc. | 1999. |
| 300 ## - PHYSICAL DESCRIPTION | |
| Extent | xix, 696 p. ; |
| Dimensions | 26 cm. |
| 490 1# - SERIES STATEMENT | |
| Series statement | Blackwell companions to philosophers |
| 500 ## - GENERAL NOTE | |
| General note | Includes bibliographical references and index. |
| 504 ## - BIBLIOGRAPHY, ETC. NOTE | |
| Bibliography, etc. note | Includes bibliographical references and index. |
| 650 #0 - SUBJECT ADDED ENTRY--TOPICAL TERM | |
| Topical term or geographic name entry element | Philosophy |
| General subdivision | History. |
| 650 #0 - SUBJECT ADDED ENTRY--TOPICAL TERM | |
| Topical term or geographic name entry element | Philosophers. |
| 700 1# - ADDED ENTRY--PERSONAL NAME | |
| Personal name | Arrington, Robert L., |
| Dates associated with a name | 1938- |
| 700 1# - ADDED ENTRY--PERSONAL NAME | |
| Personal name | Beversluis, John, |
| Dates associated with a name | 1934- |
| 830 #0 - SERIES ADDED ENTRY--UNIFORM TITLE | |
| Uniform title | Blackwell companions to philosophy. |
| 906 ## - LOCAL DATA ELEMENT F, LDF (RLIN) | |
| a | 7 |
| b | cbc |
| c | orignew |
| d | 1 |
| e | ocip |
| f | 19 |
| g | y-gencatlg |
| 942 ## - ADDED ENTRY ELEMENTS (KOHA) | |
| Source of classification or shelving scheme | Library of Congress Classification |
| Koha item type | Books |
| Classification part | 72 |
| Item part | COM |
| Call number prefix | B |
| Withdrawn status | Lost status | Damaged status | Not for loan | Collection code | Home library | Current library | Shelving location | Date acquired | Total Checkouts | Full call number | Barcode | Date last seen | Copy number | Price effective from | Koha item type |
|---|---|---|---|---|---|---|---|---|---|---|---|---|---|---|---|
| Non-fiction | City Campus Library | City Campus Library | General Stacks | 07/01/2020 | B72 COM 1998 | 000076 | 12/10/2024 | c. 1 | 07/01/2020 | Books |